¡Yambo ! (Record no. 111816)

MARC details
000 -LEADER
campo de control de longitud fija 00650nam a2200181 4500
001 - NÚMERO DE CONTROL
campo de control 111816
003 - IDENTIFICADOR DE NÚMERO DE CONTROL
campo de control ES-MaACL
005 - FECHA Y HORA DE LA ÚLTIMA TRANSACCIÓN
campo de control 20230906185351.0
007 - CAMPO FIJO DE DESCRIPCIÓN FÍSICA--INFORMACIÓN GENERAL
campo de control de longitud fija t|
008 - DATOS DE LONGITUD FIJA--INFORMACIÓN GENERAL
campo de control de longitud fija 061121s1943 sp r ||||1| spa d
100 1# - ENTRADA PRINCIPAL--NOMBRE DE PERSONA
Nombre de persona Oriol, José María.
9 (RLIN) 87260
245 11 - MENCIÓN DEL TÍTULO
Título ¡Yambo !
Resto del título : safarí en las selvas de Tanganyka /
Mención de responsabilidad, etc. José María Oriol.
260 ## - PUBLICACIÓN, DISTRIBUCIÓN, ETC.
Lugar de publicación, distribución, etc. Barcelona :
Nombre del editor, distribuidor, etc. Industrias Gráficas Seix y Barral Hermanos,
Fecha de publicación, distribución, etc. 1943.
300 ## - DESCRIPCIÓN FÍSICA
Extensión 159 p., 40 lám. ;
Dimensiones 25 cm.
500 ## - NOTA GENERAL
Nota general Es un extracto del diario de una excursión cinegética a Tanganika por José María Blanc.
700 1# - ENTRADA AGREGADA--NOMBRE PERSONAL
Nombre de persona Blanc, José María.
9 (RLIN) 29111
852 ## - LOCALIZACIÓN
Ubicación ES-MaACL
Número de control de estantería F-16240
Sublocalización o colección R.21290
Holdings
Estatus retirado Estado de pérdida Estado de daño No para préstamo Biblioteca de origen Biblioteca actual Ubicación en estantería Fecha de adquisición Fuente de adquisición Total de préstamos Signatura topográfica completa Código de barras Visto por última vez Precio de reemplazo Tipo de ítem Koha
        Biblioteca del Ateneo de Madrid Biblioteca del Ateneo de Madrid Sala Pecera Planta 2 17/01/2008     F-16240 1116641 23/02/2023 23/02/2023 Libro impreso